Fire retardant study on commercial chipboards-Part I. Fire propagation performance (FRIM Occasional paper No.2/87) (Record no. 75424)

MARC details
000 -LEADER
fixed length control field 00333nam a22000977a 4500
100 ## - MAIN ENTRY--AUTHOR NAME
Personal name MALEK, Abdul Rashid A
245 ## - TITLE STATEMENT
Title Fire retardant study on commercial chipboards-Part I. Fire propagation performance (FRIM Occasional paper No.2/87)
260 ## - PUBLICATION, DISTRIBUTION, ETC. (IMPRINT)
Place of publication Malaysia
Name of publisher Forest Research Institute of Malaysia
Year of publication 1987
300 ## - PHYSICAL DESCRIPTION
Number of Pages 7p.
942 ## - ADDED ENTRY ELEMENTS (KOHA)
Koha item type Reprints
Holdings
Withdrawn status Lost status Damaged status Not for loan Home library Current library Date acquired Koha item type
        RRII Library RRII Library 19/03/2025 Reprints